000 00756nam a2200277Ia 4500
003 OSt
005 20220912151409.0
006 a|||||r|||| 00| 0
007 ta
008 220909b |||||||| |||| 00| 0 eng d
024 _a56449
037 _cTextual
040 _aCSL
_beng
_cCSL
041 _aeng
082 _aK93:14, J9
100 _aLee Addison E
245 0 _aDevelopment and structure of the frog: A photographic study
260 _aNew York
_b Holt Rine-hart and wilson
_c1959
300 _aiv,44p.
_ccm.
650 _a Amphibia
650 _aZoology
700 _a Evans W L
700 _a Savage Earl R
942 _hK93:14, J9
_cTEXL
_2CC
999 _c67542
_d67542